Informe pronunciado ante la Sala Primera en defensa de D. Ramón Musso, como representante de su hija Dª María Josefa Musso Garrigues / (Record no. 180769)

MARC details
000 -LEADER
campo de control de longitud fija 00986nab a2200229 i 4500
001 - NÚMERO DE CONTROL
campo de control 180769
003 - IDENTIFICADOR DE NÚMERO DE CONTROL
campo de control ES-MaACL
005 - FECHA Y HORA DE LA ÚLTIMA TRANSACCIÓN
campo de control 20250903221050.0
008 - DATOS DE LONGITUD FIJA--INFORMACIÓN GENERAL
campo de control de longitud fija 120711s1913 sp 000 0 spa d
100 1# - ENTRADA PRINCIPAL--NOMBRE DE PERSONA
Nombre de persona Cierva y Peñafiel, Juan de la,
Fechas asociadas al nombre 1864-1938
Término indicativo de función/relación Autor
9 (RLIN) 38791
245 10 - MENCIÓN DEL TÍTULO
Título Informe pronunciado ante la Sala Primera en defensa de D. Ramón Musso, como representante de su hija Dª María Josefa Musso Garrigues /
Mención de responsabilidad, etc. por Juan de la Cierva
300 ## - DESCRIPCIÓN FÍSICA
Extensión Páginas 1-38
594 ## - Nota al título y mención de responsabilidad
a Precede al título: Discursos forenses ante el Tribunal Supremo
599 ## - NOTA A LAS ILUSTRACIONES
NOTA A LAS ILUSTRACIONES Retrato del autor en portada
600 14 - PUNTO DE ACCESO ADICIONAL DE MATERIA--NOMBRE DE PERSONA
Nombre de persona Musso Cánovas, Ramón,
Fechas asociadas al nombre ca. 1867-1936
9 (RLIN) 174671
600 10 - PUNTO DE ACCESO ADICIONAL DE MATERIA--NOMBRE DE PERSONA
Nombre de persona Musso Garrigues, María Josefa,
Fechas asociadas al nombre 1895-
9 (RLIN) 226905
655 #4 - TERMINO DE INDIZACIÓN--GENERO/FORMA
Datos o término principal de género/forma Dictámenes
9 (RLIN) 242126
710 1# - ENTRADA AGREGADA--NOMBRE DE ENTIDAD CORPORATIVA
Nombre de entidad corporativa o nombre de jurisdicción como elemento de entrada España.
Unidad subordinada Tribunal Supremo
Término indicativo de función/relación entidad responsable
9 (RLIN) 4004
773 0# - ASIENTO DE ITEM FUENTE
Título La Palabra : revista taquigráfica,
Número Internacional Normalizado para Publicaciones Seriadas ISSN 2479-7723,
Parte(s) relacionada(s) N. 5 (1 marzo 1913), p. 1-38
Número bibliográfico anfitrión 2879
Número de ítem anfitrión 2987
Número de control del registro 2879
942 ## - ELEMENTOS DE ENTRADA SECUNDARIOS (KOHA)
Tipo de ítem Koha Artículo de revista
Fuente del sistema de clasificación o colocación Clasificación decimal universal
Suprimir en OPAC No

No items available.